01351nam a2200325 i 4500001001000000003000900010005001700019007000300036008004100039040003000080049000900110082001300119100004500132245016200177250001100339264003800350300002800388336002700416337003300443338002800476504003300504590002600537700002800563910001500591942001400606952012600620952013200746952013000878999001701008000022471DO-SdBNP20240305130443.0ta101011s2003 dr 000 0 spa d aDO-SdBNPbspacBNPHUerda aBNPD 4bI73e2221 aIsa Conde, Narciso,d1942-eautor91238714aLas entrañas de un poder gansterizado :bBANINTER: siete pecados capitales, el testimonio de la crisis y mucho más /cNarciso Isa Conde, Fernando Peña. a2a ed. aSanto Domingo :bTropical,c2003. a242 páginas ;c22 cm. 2rdacontentatextobtxt 2rdamediaasin mediaciónbn 2rdacarrieravolumenbnc aBibliografía : p. 240-242 aInventariado, 2023/BT1 aPeña, Fernando946305 aBtavárez 2ddccLBS1 00102ddc51708PDaBNPHUbBNPHUcHDd2010-10-11l0oBNPHU PD I73ep22471-10r2020-06-25w2020-06-25yLBS1ZNo se presta 00102ddc51708PDaBNPHUbBNPHUcHDd2015-04-08l0oBNPHU PD I73ep22471-20r2020-06-25te. 2w2020-06-25yLBS1ZNo se presta 00102ddc56708DSaBNPHUbBNPHUcHDd2023-10-11eDonaciónl0oBNPHU DS I73ep2023-6854r2023-10-11te.3w2023-10-11yLBS1 c21969d21969